Bibliografie prof. PhDr. Rudolfa Šrámka, CSc., za léta 1956-2008 /

Korporativní autor: Masarykova univerzita. Katedra českého jazyka
Další autoři: Tušková, Jana Marie, 1961-, Kolářová, Ivana, 1965-
Jazyk: Čeština
Vydáno: Brno : Masarykova univerzita, 2008
Vydání: 1. vyd.
Témata:
Fyzický popis: 53 s. ; 21 cm
Knihy
Uloženo v:
LEADER 02868nam a2200721 a 4500
001 nkc20081834788
003 CZ PrNK
005 20090528131829.0
007 ta
008 081209s2008 xr e b 010 0 cze
015 |a cnb001834788 
020 |a 978-80-210-4754-9  |q (brož.) 
035 |a (OCoLC)320211514 
040 |a OLA001  |b cze  |d ABA001 
043 |a e-xr--- 
045 |a x5y0 
072 7 |a 81  |x Lingvistika. Jazyky  |2 Konspekt  |9 11 
072 7 |a 01  |x Bibliografie. Katalogy  |2 Konspekt  |9 12 
080 |a 81'1-051  |2 MRF 
080 |a [80(=16)+908(4)]-051  |2 MRF 
080 |a 81'28  |2 MRF 
080 |a 81'373.2  |2 MRF 
080 |a 811.16  |2 MRF 
080 |a (437.3)  |2 MRF 
080 |a 012  |2 MRF 
080 |a (082.2)  |2 MRF 
245 0 0 |a Bibliografie prof. PhDr. Rudolfa Šrámka, CSc., za léta 1956-2008 /  |c Jana Marie Tušková, Ivana Kolářová 
246 1 4 |a Bibliografie Rudolfa Šrámka za léta 1956-2008 
250 |a 1. vyd. 
260 |a Brno :  |b Masarykova univerzita,  |c 2008 
300 |a 53 s. ;  |c 21 cm 
500 |a Pub. vznikla při příležitosti 75. narozenin prof. PhDr. Rudolfa Šrámka, CSc. 
500 |a Nad názvem: Masarykova univerzita, Pedagogická fakulta, katedra českého jazyka 
500 |a 200 výt. 
600 1 7 |a Šrámek, Rudolf,  |d 1934-  |7 jk01131001  |2 czenas 
648 4 |a 1956-2008 
650 0 7 |a lingvisté  |7 ph115154  |z Česko  |y 20.-21. století  |2 czenas 
650 0 7 |a slavisté  |7 ph116179  |z Česko  |y 20.-21. století  |2 czenas 
650 0 7 |a dialektologie  |7 ph119421  |z Česko  |y 20.-21. století  |2 czenas 
650 0 7 |a onomastika  |7 ph213330  |z Česko  |y 20.-21. století  |2 czenas 
650 0 7 |a slovanské jazyky  |7 ph125652  |2 czenas 
650 0 7 |a dialektologie  |7 ph119421  |2 czenas 
650 0 7 |a onomastika  |7 ph213330  |2 czenas 
650 0 9 |a linguists  |z Czechia  |y 20th-21st centuries  |2 eczenas 
650 0 9 |a slavists  |z Czechia  |y 20th-21st centuries  |2 eczenas 
650 0 9 |a dialectology  |z Czechia  |y 20th-21st centuries  |2 eczenas 
650 0 9 |a onomastics  |z Czechia  |y 20th-21st centuries  |2 eczenas 
650 0 9 |a Slavic languages  |2 eczenas 
650 0 9 |a dialectology  |2 eczenas 
650 0 9 |a onomastics  |2 eczenas 
655 7 |a personální bibliografie  |7 fd133021  |2 czenas 
655 7 |a jubilejní publikace  |7 fd131839  |2 czenas 
655 9 |a personal bibliography  |2 eczenas 
655 9 |a jubilee books  |2 eczenas 
700 1 |a Tušková, Jana Marie,  |d 1961-  |7 mzk2007382189  |4 com 
700 1 |a Kolářová, Ivana,  |d 1965-  |7 mzk2002103162  |4 com 
710 2 |a Masarykova univerzita.  |b Katedra českého jazyka  |7 mzk2004237503 
910 2 |a BOA001  |b 2-1222.155 
990 |a BK 
995 |a 01 
991 |b 200904  |c NOV 
996 6 |b 2610373797  |c 2-1222.155  |l MZK  |r Sklad / do 1 hodiny  |n 1  |p p.v.  |w 000933807  |u 000010  |a 1  |e BOA001  |j MZK50  |s P 
996 7 |b 2610373798  |c 2-1222.155  |l MZK  |r Sklad / do 1 hodiny  |n 3  |p p.v.  |w 000933807  |u 000020  |a 1  |e BOA001  |j MZK50  |s A